000 00233nam a2200097Ia 4500
008 120527s9999 xx 000 0 und d
100 _aMCBRIDE, Peter
245 _aThe schools guide to the internet
260 _bHeineman
942 _cBK
999 _c25327
_d25327